000 00687nam a2200217 i 4500
001 27485
003 ES-MaACL
005 20230906153627.0
007 t|
008 030114s1967 an ||||1| spa d
100 1 _aAubert, Jean-Marie.
_923797
245 1 0 _aInvestigación científica y fe cristiana /
_cJean-Marie Aubert ; [Traducido del francés por Idelfonso M. Gómez].
250 _a[1ª ed.].
260 _aAndorra :
_bCasal i Vall,
_c[1967]
300 _a171 p. ;
_c19 cm.
490 1 _aColección Jalones ;
_v15
700 1 _aGómez, Idelfonso M.
_957764
830 0 _aColección Jalones ;
_v15
_9182332
852 _aES-MaACL
_jC-31693
_bR.62383
999 _c27485
_d27485